[Event "FRA-chT2 0910"]
[Site "France"]
[Date "2009.12.13"]
[Round "6.2"]
[White "Maleki, Manuel"]
[Black "Jolly, Jean Francois"]
[Result "0-1"]
[WhiteElo "2281"]
[BlackElo "2406"]
[PlyCount "72"]
[EventDate "2009.09.27"]
[EventType "team"]
[EventRounds "11"]
[EventCountry "FRA"]
[SourceDate "2009.07.26"]

1. Nf3 Nf6 2. c4 g6 3. Nc3 Bg7 4. e4 d6 5. d4 O-O 6. Be2 Nfd7 7. O-O e5 8. Be3
a5 9. d5 Nc5 10. Nd2 Nbd7 11. b3 f5 12. f3 Qh4 13. Qe1 Qe7 14. a3 f4 15. Bf2 h5
16. b4 Na6 17. Nb3 g5 18. Nxa5 Rf6 19. Rc1 Rg6 20. Na4 g4 21. Bh4 Bf6 22. Bxf6
Qxf6 23. fxg4 hxg4 24. c5 g3 25. hxg3 Qg5 26. Qf2 Nf6 27. gxf4 exf4 28. Bf3 Bh3
29. cxd6 cxd6 30. Rfe1 Ng4 31. Bxg4 Qxg4 32. Rc2 f3 33. e5 Bxg2 34. Rc4 Qh3 35.
Qh4 f2+ 36. Kxf2 Qf3+ 0-1

[Event "FRA-chT2 0910"]
[Site "France"]
[Date "2009.12.13"]
[Round "6.3"]
[White "Renault, Fabien"]
[Black "Gaborit, Jean Pierre"]
[Result "1/2-1/2"]
[WhiteElo "2190"]
[BlackElo "2228"]
[PlyCount "47"]
[EventDate "2009.09.27"]
[EventType "team"]
[EventRounds "11"]
[EventCountry "FRA"]
[SourceDate "2009.07.26"]

1. e4 e6 2. d4 d5 3. exd5 exd5 4. Bf4 Bd6 5. Bxd6 Qxd6 6. c3 Bf5 7. Nf3 Ne7 8.
Be2 O-O 9. O-O Ng6 10. g3 Re8 11. Re1 Nd7 12. Nbd2 Nb6 13. Qb3 Bg4 14. a4 a5
15. Bb5 Bd7 16. Nf1 Bxb5 17. Qxb5 Rxe1 18. Rxe1 Qd7 19. Qxd7 Nxd7 20. Ne3 Ne7
21. Nc4 Nf5 22. Ne3 Ne7 23. Nc4 Nf5 24. Ne3 1/2-1/2

[Event "FRA-chT2 0910"]
[Site "France"]
[Date "2009.12.13"]
[Round "6.6"]
[White "Hubert, Raphael"]
[Black "Restout, Bruce"]
[Result "0-1"]
[WhiteElo "2015"]
[BlackElo "2047"]
[PlyCount "90"]
[EventDate "2009.09.27"]
[EventType "team"]
[EventRounds "11"]
[EventCountry "FRA"]
[SourceDate "2009.07.26"]

1. e4 c5 2. c3 d5 3. e5 d4 4. cxd4 cxd4 5. Nf3 Bg4 6. h3 Bxf3 7. Qxf3 Nc6 8.
Bb5 Rc8 9. O-O e6 10. d3 Nge7 11. Bg5 Qb6 12. Ba4 Ng6 13. Qe2 Qa5 14. Qd1 Qxe5
15. f4 Qe3+ 16. Kh1 Nge5 17. Re1 Nxd3 18. Rxe3 Nf2+ 19. Kh2 Nxd1 20. Rb3 h6 21.
Bh4 Ne3 22. Rxb7 Bd6 23. Rxa7 O-O 24. Rd7 Bxf4+ 25. Kg1 Nf5 26. Be1 Ne5 27. g4
Nxd7 28. Bxd7 Rc1 29. gxf5 Rxe1+ 30. Kf2 Rc1 31. a4 Be3+ 32. Kf3 Rd8 33. fxe6
fxe6 34. Bxe6+ Kf8 35. Bg4 Rb8 36. a5 Rxb2 37. Bf5 Rf1+ 38. Ke4 Rbxb1 39. Ra4
Ra1 40. Rb4 Rf4+ 41. Ke5 Rxa5+ 42. Ke6 Ra6+ 43. Ke5 Rxf5+ 44. Kxf5 Rd6 45. Ke5
Rd8 0-1

[Event "FRA-chT2 0910"]
[Site "France"]
[Date "2009.12.13"]
[Round "6.7"]
[White "Beneteau, Hubert"]
[Black "Carvallo, Henri"]
[Result "1/2-1/2"]
[WhiteElo "2123"]
[BlackElo "2108"]
[PlyCount "80"]
[EventDate "2009.09.27"]
[EventType "team"]
[EventRounds "11"]
[EventCountry "FRA"]
[SourceDate "2009.07.26"]

1. d4 d6 2. c4 e5 3. Nf3 e4 4. Ng5 f5 5. g3 Be7 6. Nh3 Nf6 7. Bg2 c6 8. d5 O-O
9. O-O c5 10. Nc3 Na6 11. f3 exf3 12. exf3 Nc7 13. Re1 Re8 14. Be3 Rb8 15. a4
a6 16. a5 b5 17. axb6 Rxb6 18. Na4 Rb4 19. Bf1 Nd7 20. Bd2 Rb7 21. Ba5 Bf6 22.
Nf4 Bd4+ 23. Kh1 Ne5 24. Ra2 Ng6 25. Nxg6 hxg6 26. b4 f4 27. bxc5 dxc5 28. gxf4
Bf5 29. Rae2 Rxe2 30. Qxe2 Rb1 31. Rxb1 Bxb1 32. Nc3 Bf5 33. Ne4 Qd7 34. Ng5
Bf6 35. Bb6 Be7 36. Qe3 Qd6 37. Bxc7 Qxc7 38. Ne6 Qd6 39. Bd3 Bf6 40. Bxf5 gxf5
1/2-1/2

[Event "FRA-chT2 0910"]
[Site "France"]
[Date "2009.12.13"]
[Round "6.8"]
[White "Josse, Anais"]
[Black "Auvray, Juliette"]
[Result "0-1"]
[WhiteElo "1530"]
[BlackElo "1960"]
[PlyCount "56"]
[EventDate "2009.09.27"]
[EventType "team"]
[EventRounds "11"]
[EventCountry "FRA"]
[SourceDate "2009.07.26"]

1. e4 c6 2. d4 d5 3. Nc3 dxe4 4. Nxe4 Nd7 5. Nf3 Ngf6 6. Ng3 e6 7. Bd3 Bd6 8.
O-O O-O 9. c4 b6 10. b3 Bb7 11. Bc2 c5 12. Bb2 Qc7 13. Qd3 Qc6 14. d5 exd5 15.
Bxf6 Nxf6 16. Nh5 Ne4 17. Nd2 Bxh2+ 18. Kxh2 Qh6 19. Qh3 Qxd2 20. Bxe4 dxe4 21.
Qg3 Qh6 22. Qh4 g5 23. Qh3 Bc8 24. g4 f5 25. f3 Be6 26. fxe4 fxg4 27. Nf6+ Rxf6
28. Rxf6 Qxh3+ 0-1

[Event "FRA-chT2 0910"]
[Site "France"]
[Date "2009.12.13"]
[Round "6.1"]
[White "David, Vincent"]
[Black "Decosse, Jean Fabien"]
[Result "1-0"]
[WhiteElo "2412"]
[BlackElo "2237"]
[PlyCount "47"]
[EventDate "2009.09.27"]
[EventType "team"]
[EventRounds "11"]
[EventCountry "FRA"]
[SourceDate "2009.07.26"]

1. d4 d6 2. Nf3 g6 3. g3 Bg7 4. Bg2 Nd7 5. c4 e5 6. Nc3 Ne7 7. e4 O-O 8. O-O
exd4 9. Nxd4 Nc5 10. Be3 Ne6 11. f4 f5 12. exf5 Nxf5 13. Nxf5 gxf5 14. Qd2 a5
15. Rfd1 Rb8 16. Ba7 Ra8 17. Bf2 Rb8 18. Re1 Kh8 19. Re2 Bd7 20. Rae1 Re8 21.
Nd5 c6 22. Nb6 Qc7 23. Bh3 c5 24. Nxd7 1-0

[Event "FRA-chT2 0910"]
[Site "France"]
[Date "2009.12.13"]
[Round "6.2"]
[White "Coursaget, Nicolas"]
[Black "Herdier, Goulwenn"]
[Result "1-0"]
[WhiteElo "2317"]
[BlackElo "2164"]
[PlyCount "69"]
[EventDate "2009.09.27"]
[EventType "team"]
[EventRounds "11"]
[EventCountry "FRA"]
[SourceDate "2009.07.26"]

1. d4 Nf6 2. c4 d6 3. Nc3 Nbd7 4. Nf3 e5 5. g3 Be7 6. Bg2 O-O 7. O-O c6 8. Qc2
Qc7 9. Rd1 Re8 10. b3 Bf8 11. Bb2 h6 12. Rac1 e4 13. Ne1 e3 14. f3 Nh7 15. Qd3
Ndf6 16. Nc2 Qe7 17. Re1 Ng5 18. Nd1 Bh3 19. Ncxe3 Qd7 20. Nf2 Bxg2 21. Nxg2 d5
22. c5 b6 23. b4 a5 24. b5 cxb5 25. c6 Qc7 26. Qxb5 Re6 27. Nf4 Rd6 28. Ba3
Rdd8 29. Bxf8 Kxf8 30. N2d3 Ngh7 31. Ne5 Rd6 32. Rb1 Rb8 33. Nfd3 Kg8 34. Nc5
Qa7 35. Na6 1-0

[Event "FRA-chT2 0910"]
[Site "France"]
[Date "2009.12.13"]
[Round "6.3"]
[White "Salvaing, Jean Louis"]
[Black "Marie, Maxime"]
[Result "0-1"]
[WhiteElo "2015"]
[BlackElo "2236"]
[PlyCount "56"]
[EventDate "2009.09.27"]
[EventType "team"]
[EventRounds "11"]
[EventCountry "FRA"]
[SourceDate "2009.07.26"]

1. d4 Nf6 2. Nc3 d5 3. Bg5 Nbd7 4. Qd3 c5 5. dxc5 e6 6. O-O-O Nxc5 7. Qd4 Be7
8. Bxf6 gxf6 9. e4 dxe4 10. Nxe4 Qxd4 11. Rxd4 Nxe4 12. Bb5+ Kf8 13. Rxe4 a6
14. Bd3 b5 15. f3 f5 16. Re2 Bb7 17. Nh3 Rg8 18. Rf1 h5 19. g3 h4 20. gxh4 Bxh4
21. Kd1 Bf6 22. c3 Rh8 23. Ng1 Bd5 24. a3 Bb3+ 25. Kc1 Rd8 26. Rd2 e5 27. f4 e4
28. Bc2 Rxd2 0-1

[Event "FRA-chT2 0910"]
[Site "France"]
[Date "2009.12.13"]
[Round "6.4"]
[White "Le Borgne, Pierre"]
[Black "Guichard, Hugo"]
[Result "1-0"]
[WhiteElo "2212"]
[BlackElo "1895"]
[PlyCount "90"]
[EventDate "2009.09.27"]
[EventType "team"]
[EventRounds "11"]
[EventCountry "FRA"]
[SourceDate "2009.07.26"]

1. e4 c5 2. Nf3 d6 3. d4 cxd4 4. Qxd4 Bd7 5. Bg5 Nc6 6. Qd2 Nf6 7. Nc3 a6 8.
Bd3 e6 9. O-O Be7 10. Rad1 Qc7 11. Rfe1 Rd8 12. Bf1 Bc8 13. h3 O-O 14. Qe3 b5
15. a4 bxa4 16. Nxa4 Nb4 17. Qb3 a5 18. c3 Na6 19. Qb5 Nc5 20. Nxc5 Qxc5 21.
Qxc5 dxc5 22. e5 Nd5 23. Rxd5 Bxg5 24. Rxc5 Be7 25. Rxa5 Bb7 26. Nd4 Bd5 27. g3
Rb8 28. b4 Rfc8 29. Ra3 h6 30. Bg2 Bxg2 31. Kxg2 Rc4 32. Nc2 Rb7 33. Ne3 Rc8
34. Rb3 Rcb8 35. Rd1 Rc8 36. f4 Kf8 37. Kf3 Rbb8 38. Ra3 Rc7 39. Rd3 g6 40. Ke2
Rb6 41. Rd4 Kg7 42. Kd3 Rb5 43. Nc4 f6 44. Ra6 fxe5 45. fxe5 Rxc4 1-0

[Event "FRA-chT2 0910"]
[Site "France"]
[Date "2009.12.13"]
[Round "6.6"]
[White "Marchadour, Emilie"]
[Black "Thorel, Gregoire"]
[Result "1-0"]
[WhiteElo "2072"]
[BlackElo "1846"]
[PlyCount "63"]
[EventDate "2009.09.27"]
[EventType "team"]
[EventRounds "11"]
[EventCountry "FRA"]
[SourceDate "2009.07.26"]

1. e4 e5 2. Nf3 d6 3. Nc3 Nf6 4. Be2 Be7 5. O-O O-O 6. d4 Nbd7 7. h3 c6 8. Be3
Qc7 9. Nh2 b5 10. a3 a6 11. Bd3 Bb7 12. f3 Nh5 13. Qe1 exd4 14. Bxd4 Ne5 15.
Be2 Nf4 16. Qg3 Nxe2+ 17. Nxe2 c5 18. Bc3 Ng6 19. Rad1 Rad8 20. Qe1 f5 21. Ba5
Qd7 22. Bxd8 Qxd8 23. exf5 Rxf5 24. Ng4 h5 25. Ng3 Rg5 26. f4 Nxf4 27. Rxf4
hxg4 28. Qe6+ Kh8 29. Nf5 Bf8 30. Nxd6 Bxd6 31. Rxd6 Qg8 32. Qe7 1-0

[Event "FRA-chT2 0910"]
[Site "France"]
[Date "2009.12.13"]
[Round "6.7"]
[White "Codjovi, Brice"]
[Black "Barbini, Denis"]
[Result "0-1"]
[WhiteElo "1766"]
[BlackElo "2130"]
[PlyCount "70"]
[EventDate "2009.09.27"]
[EventType "team"]
[EventRounds "11"]
[EventCountry "FRA"]
[SourceDate "2009.07.26"]

1. e4 d6 2. Nf3 g6 3. d4 Bg7 4. Bg5 Nf6 5. Nc3 c6 6. e5 dxe5 7. Nxe5 Be6 8. Be2
O-O 9. Qd2 Qa5 10. O-O Rd8 11. Bc4 Bxc4 12. Nxc4 Qa6 13. Ne5 Nbd7 14. f4 b5 15.
Qe3 Qb6 16. Rad1 b4 17. Ne4 Nd5 18. Qf3 f5 19. Nf2 h6 20. Bh4 Nxe5 21. fxe5 g5
22. Bxg5 hxg5 23. Qxf5 Nf4 24. c3 bxc3 25. bxc3 e6 26. Qxg5 Ne2+ 27. Kh1 Nxc3
28. Ng4 Ne4 29. Nf6+ Nxf6 30. exf6 Rd7 31. Qg6 Qb5 32. f7+ Kf8 33. Qxe6 Re7 34.
Qg6 Qd5 35. Rf5 Qe6 0-1

[Event "FRA-chT2 0910"]
[Site "France"]
[Date "2009.12.13"]
[Round "6.8"]
[White "Marie, Fred"]
[Black "Jolly, Marie"]
[Result "1-0"]
[WhiteElo "1720"]
[BlackElo "1710"]
[PlyCount "61"]
[EventDate "2009.09.27"]
[EventType "team"]
[EventRounds "11"]
[EventCountry "FRA"]
[SourceDate "2009.07.26"]

1. e4 e6 2. Qe2 b6 3. g3 Bb7 4. Bg2 Nf6 5. d3 d6 6. Nc3 Be7 7. Nf3 Nbd7 8. Be3
c5 9. h3 a6 10. O-O Qc7 11. Nd2 h6 12. Rac1 O-O-O 13. Na4 Kb8 14. a3 d5 15.
exd5 Nxd5 16. c4 Nxe3 17. fxe3 Bxg2 18. Qxg2 Nf6 19. d4 cxd4 20. c5 b5 21. Nb6
Ka7 22. exd4 Rxd4 23. b4 Rhd8 24. Nb3 Rd3 25. Rf3 Qb8 26. Na5 Rd2 27. Rf2 Rxf2
28. Nc6+ Kb7 29. Nxd8+ Kc7 30. Qc6+ Kxd8 31. Rd1+ 1-0

[Event "FRA-chT2 0910"]
[Site "France"]
[Date "2009.12.13"]
[Round "6.1"]
[White "Maleki, Nicolas"]
[Black "Bleunven, Andre"]
[Result "1-0"]
[WhiteElo "2184"]
[BlackElo "2277"]
[PlyCount "99"]
[EventDate "2009.09.27"]
[EventType "team"]
[EventRounds "11"]
[EventCountry "FRA"]
[SourceDate "2009.07.26"]

1. d4 Nf6 2. c4 e6 3. Nc3 Bb4 4. Qc2 O-O 5. a3 Bxc3+ 6. Qxc3 d5 7. Bg5 h6 8.
Bh4 g5 9. Bg3 Ne4 10. Qc2 c5 11. dxc5 Nc6 12. O-O-O Qf6 13. e3 b6 14. Nf3 Nxc5
15. Nd4 Bb7 16. h4 Qg7 17. hxg5 hxg5 18. cxd5 Nxd4 19. exd4 Rfc8 20. Kb1 Bxd5
21. dxc5 Rxc5 22. Qd2 Rac8 23. Bd3 f5 24. Bd6 R5c6 25. Bb4 a5 26. Bc3 Rxc3 27.
bxc3 Rxc3 28. Bc2 Rxa3 29. Qd4 Qxd4 30. Rxd4 f4 31. Rh5 Kf7 32. Rxg5 Kf6 33.
Rg4 f3 34. Rdf4+ Ke5 35. gxf3 Bxf3 36. Rh4 b5 37. Rf8 Bd5 38. Rfh8 Rf3 39.
R8h5+ Kd6 40. Rh2 b4 41. R5h3 Rf8 42. Kb2 Rb8 43. Bb3 Rf8 44. Bxd5 exd5 45. Kb3
Rc8 46. f4 Rc1 47. Rh6+ Ke7 48. Ra6 Kf7 49. Rh7+ Kg8 50. Rd7 1-0

[Event "FRA-chT2 0910"]
[Site "France"]
[Date "2009.12.13"]
[Round "6.2"]
[White "Guyader, Thierry"]
[Black "Debeaune, Robin"]
[Result "1-0"]
[WhiteElo "2142"]
[BlackElo "2146"]
[PlyCount "95"]
[EventDate "2009.09.27"]
[EventType "team"]
[EventRounds "11"]
[EventCountry "FRA"]
[SourceDate "2009.07.26"]

1. e4 c5 2. Nf3 Nc6 3. Nc3 g6 4. d4 cxd4 5. Nxd4 Bg7 6. Be3 Nf6 7. Nxc6 bxc6 8.
e5 Ng8 9. Bd4 Qc7 10. e6 Nf6 11. exd7+ Bxd7 12. Bc4 O-O 13. Bxf6 exf6 14. O-O
f5 15. Qf3 Rab8 16. Bb3 Be5 17. h3 Kh8 18. Rfe1 f6 19. Rad1 Rb4 20. Qe3 Rh4 21.
Qc5 Re8 22. Bf7 Bh2+ 23. Kh1 Rxe1+ 24. Rxe1 Bd6 25. Qe3 Kg7 26. Bb3 Be5 27. Rd1
f4 28. Qc5 Bf5 29. Qc4 f3 30. Qxh4 Bf4 31. g3 g5 32. Qh5 Bxg3 33. Qxf3 Bf4 34.
Re1 Qd7 35. Qd1 Qc7 36. Re8 Kh6 37. Qd8 Qxd8 38. Rxd8 Bxh3 39. Ra8 Kg6 40. Rxa7
h5 41. Bc4 g4 42. Bd3+ Kg5 43. Rg7+ Kh4 44. Ne2 Be5 45. c3 Bf1 46. Kg1 Bxe2 47.
Bxe2 Kh3 48. Bxg4+ 1-0

[Event "FRA-chT2 0910"]
[Site "France"]
[Date "2009.12.13"]
[Round "6.3"]
[White "Ribeiro, Romain"]
[Black "Bollore, Jacques"]
[Result "1-0"]
[WhiteElo "2165"]
[BlackElo "2120"]
[PlyCount "69"]
[EventDate "2009.09.27"]
[EventType "team"]
[EventRounds "11"]
[EventCountry "FRA"]
[SourceDate "2009.07.26"]

1. e4 c5 2. Nc3 Nc6 3. Nf3 d6 4. d4 cxd4 5. Nxd4 e5 6. Nxc6 bxc6 7. Bc4 Nf6 8.
O-O Be7 9. Qd3 O-O 10. a4 Qc7 11. h3 Be6 12. Rd1 d5 13. exd5 cxd5 14. Bb3 h6
15. Qg3 Kh8 16. Re1 Rfe8 17. Bd2 a6 18. Qxe5 Qxe5 19. Rxe5 d4 20. Nd5 Bd6 21.
Nxf6 gxf6 22. Rh5 Bxb3 23. cxb3 Re2 24. Bxh6 Kg8 25. Rd5 Be5 26. f4 Bc7 27. Rc1
Bb6 28. Rc6 Ba7 29. Rxf6 Rc8 30. Rg5+ Kh7 31. Rg7+ Kh8 32. Rfxf7 d3+ 33. Rxa7
d2 34. Rh7+ Kg8 35. Rag7+ 1-0

[Event "FRA-chT2 0910"]
[Site "France"]
[Date "2009.12.13"]
[Round "6.4"]
[White "Bodenez, Claire"]
[Black "Wunderman, Xavier"]
[Result "1-0"]
[WhiteElo "2033"]
[BlackElo "2169"]
[PlyCount "75"]
[EventDate "2009.09.27"]
[EventType "team"]
[EventRounds "11"]
[EventCountry "FRA"]
[SourceDate "2009.07.26"]

1. e4 c5 2. d3 Nc6 3. g3 e6 4. Bg2 Nf6 5. f4 d5 6. Nd2 Be7 7. Ngf3 Rb8 8. e5
Nd7 9. c4 Nb4 10. Nb3 dxc4 11. dxc4 Nb6 12. Qxd8+ Kxd8 13. O-O Nxc4 14. Rd1+
Ke8 15. Bf1 Nb6 16. Bd2 N4d5 17. Rac1 Nd7 18. Na5 a6 19. Bh3 g6 20. Ne1 Ra8 21.
Nc4 b5 22. Nd6+ Bxd6 23. exd6 Bb7 24. Nd3 Rc8 25. Ne5 c4 26. Re1 Nxe5 27. fxe5
a5 28. Rf1 b4 29. d7+ Kxd7 30. Rxf7+ Kc6 31. Bxe6 Rcd8 32. Bg5 Rb8 33. Rxc4+
Kb5 34. Rc1 Ba8 35. Bd7+ Kb6 36. e6 h6 37. Bf6 Nxf6 38. Rxf6 1-0

[Event "FRA-chT2 0910"]
[Site "France"]
[Date "2009.12.13"]
[Round "6.7"]
[White "Degremont, Patrick"]
[Black "Brient, Yoann"]
[Result "0-1"]
[WhiteElo "1969"]
[BlackElo "1920"]
[PlyCount "66"]
[EventDate "2009.09.27"]
[EventType "team"]
[EventRounds "11"]
[EventCountry "FRA"]
[SourceDate "2009.07.26"]

1. e4 c5 2. Nc3 d6 3. g3 g6 4. Bg2 Bg7 5. d3 Nc6 6. f4 Nf6 7. Nf3 O-O 8. O-O
Rb8 9. Ne2 Qb6 10. Kh1 c4 11. h3 cxd3 12. cxd3 Bd7 13. g4 Rbc8 14. Nc3 Nd4 15.
Be3 Bxg4 16. hxg4 Nxg4 17. Bg1 Qxb2 18. Nxd4 Qxc3 19. Rc1 Qb4 20. Rb1 Qc5 21.
Nf5 Qa5 22. Nxg7 Nf6 23. Bf3 Kxg7 24. Rxb7 Qxa2 25. Rxa7 Qe6 26. Ra2 Qxa2 27.
Rf2 Qa3 28. Qd2 Qc1 29. Qb4 Rb8 30. Qd4 Rb1 31. Rg2 Qxf4 32. Qf2 Rc8 33. d4
Rcc1 0-1

[Event "FRA-chT2 0910"]
[Site "France"]
[Date "2009.12.13"]
[Round "6.8"]
[White "Le Du, Michel"]
[Black "Ribeiro, Pascale"]
[Result "1-0"]
[WhiteElo "1931"]
[BlackElo "1528"]
[PlyCount "79"]
[EventDate "2009.09.27"]
[EventType "team"]
[EventRounds "11"]
[EventCountry "FRA"]
[SourceDate "2009.07.26"]

1. e4 e5 2. Nf3 Nc6 3. Bb5 f6 4. d4 a6 5. Bxc6 dxc6 6. dxe5 Qxd1+ 7. Kxd1 fxe5
8. Nxe5 Bd6 9. Nd3 Bg4+ 10. f3 Bh5 11. Bg5 Be7 12. Bxe7 Nxe7 13. Nd2 O-O-O 14.
Ke2 Rhe8 15. Kf2 Rf8 16. Rad1 g5 17. h3 h6 18. Rhe1 Bf7 19. a3 Ng6 20. Nf1 Bc4
21. Ne3 Bxd3 22. cxd3 Nf4 23. d4 Rd7 24. Nf5 Rfd8 25. Rd2 c5 26. d5 c6 27. Red1
c4 28. d6 Kb8 29. g3 Nd3+ 30. Ke3 b5 31. f4 gxf4+ 32. gxf4 h5 33. Rxd3 cxd3 34.
Rxd3 Kb7 35. e5 Rf8 36. Ne7 a5 37. Ke4 Rxe7 38. dxe7 Re8 39. f5 Rxe7 40. f6 1-0

[Event "FRA-chT2 0910"]
[Site "France"]
[Date "2009.12.13"]
[Round "6.1"]
[White "Lepelletier, Benoit"]
[Black "Delaunay, Sebastien"]
[Result "1-0"]
[WhiteElo "2424"]
[BlackElo "2350"]
[PlyCount "77"]
[EventDate "2009.09.27"]
[EventType "team"]
[EventRounds "11"]
[EventCountry "FRA"]
[SourceDate "2009.07.26"]

1. e4 c6 2. d4 d5 3. Nd2 dxe4 4. Nxe4 Bf5 5. Ng3 Bg6 6. Nf3 Nd7 7. Bd3 e6 8.
O-O Qc7 9. c4 Ngf6 10. b3 Bd6 11. Bb2 O-O 12. Qc2 Rfd8 13. Rad1 a6 14. Rfe1
Bxd3 15. Rxd3 b5 16. Ne5 Rac8 17. f4 bxc4 18. bxc4 c5 19. d5 exd5 20. Nxd7 Nxd7
21. Bxg7 Kxg7 22. Nh5+ Kh8 23. Rxd5 Bxf4 24. Qf5 Bxh2+ 25. Kh1 Qc6 26. Kxh2 Qg6
27. Qf3 Nf8 28. Qc3+ f6 29. Nxf6 Qg7 30. Qf3 Rxd5 31. cxd5 c4 32. Nh5 Qg5 33.
Qc3+ Kg8 34. Re5 Qh6 35. Kg1 Rc7 36. Rf5 Qb6+ 37. Rf2 Qb1+ 38. Kh2 Qb8 39. Nf6+
1-0

[Event "FRA-chT2 0910"]
[Site "France"]
[Date "2009.12.13"]
[Round "6.2"]
[White "Chabradze, Boris"]
[Black "Graca, Robert"]
[Result "1/2-1/2"]
[WhiteElo "2219"]
[BlackElo "2217"]
[PlyCount "78"]
[EventDate "2009.09.27"]
[EventType "team"]
[EventRounds "11"]
[EventCountry "FRA"]
[SourceDate "2009.07.26"]

1. e4 c5 2. Nf3 d6 3. d4 cxd4 4. Nxd4 Nf6 5. Nc3 g6 6. Be3 Bg7 7. Qd2 Nc6 8. f3
O-O 9. Bc4 Bd7 10. O-O-O Rc8 11. Bb3 Nxd4 12. Bxd4 a5 13. e5 dxe5 14. Bxe5 Bc6
15. Bd5 Qe8 16. Rhe1 b5 17. Bxf6 Bxf6 18. Bxc6 Qxc6 19. Nd5 Rfd8 20. Nxf6+ Qxf6
21. Qxd8+ Rxd8 22. Rxd8+ Kg7 23. Red1 Qf4+ 24. Kb1 Qxh2 25. R8d2 e6 26. c3 h5
27. b3 h4 28. c4 Qe5 29. Rc2 bxc4 30. bxc4 Qc5 31. Rdc1 f5 32. Rb2 a4 33. Rb5
Qc6 34. Kb2 h3 35. gxh3 Qxf3 36. Rc3 Qe2+ 37. Rc2 Qd3 38. Rc3 Qe2+ 39. Rc2 Qd3
1/2-1/2

[Event "FRA-chT2 0910"]
[Site "France"]
[Date "2009.12.13"]
[Round "6.3"]
[White "Romieux, Sebastien"]
[Black "Crouan, Stephane"]
[Result "1/2-1/2"]
[WhiteElo "2281"]
[BlackElo "2238"]
[PlyCount "69"]
[EventDate "2009.09.27"]
[EventType "team"]
[EventRounds "11"]
[EventCountry "FRA"]
[SourceDate "2009.07.26"]

1. e4 e5 2. Nf3 Nc6 3. Bb5 Nf6 4. O-O Nxe4 5. d4 Nd6 6. Bxc6 dxc6 7. dxe5 Nf5
8. Qxd8+ Kxd8 9. Nc3 h6 10. b3 Bd7 11. Bb2 Kc8 12. Ne4 b6 13. Rad1 c5 14. c4
Be6 15. h3 g5 16. Nf6 Ne7 17. Kh2 Ng6 18. g3 Be7 19. Nd5 Bd8 20. Ne1 Rg8 21.
Ng2 Kb7 22. f4 gxf4 23. Ngxf4 Nxf4 24. Nxf4 Bf5 25. g4 Bc8 26. Ne2 Be6 27. Ng3
a5 28. a4 Bg5 29. Kg2 Rad8 30. Kf3 Rxd1 31. Rxd1 c6 32. Ne4 Be7 33. Bc1 Rh8 34.
Be3 h5 35. Kg3 1/2-1/2

[Event "FRA-chT2 0910"]
[Site "France"]
[Date "2009.12.13"]
[Round "6.6"]
[White "Murie, Eric"]
[Black "Dinayet, Kazi Rashedul"]
[Result "0-1"]
[WhiteElo "2096"]
[BlackElo "2064"]
[PlyCount "78"]
[EventDate "2009.09.27"]
[EventType "team"]
[EventRounds "11"]
[EventCountry "FRA"]
[SourceDate "2009.07.26"]

1. e4 e5 2. Nf3 Nc6 3. Bc4 Bc5 4. b4 Bxb4 5. c3 Be7 6. d4 Bf6 7. O-O Qe7 8. Ba3
d6 9. dxe5 Bxe5 10. Nxe5 Nxe5 11. Bb3 g5 12. c4 Nf6 13. Nc3 Be6 14. Ba4+ Bd7
15. Nd5 Nxd5 16. Bxd7+ Qxd7 17. cxd5 O-O-O 18. Rb1 f5 19. exf5 Qxf5 20. Bb2
Rhf8 21. Bd4 b6 22. a4 Qd3 23. a5 Qxd1 24. Rfxd1 Ng6 25. axb6 axb6 26. g3 Rf5
27. Bxb6 cxb6 28. Rxb6 Ne7 29. Rc1+ Kd7 30. Rb7+ Ke8 31. Rcc7 Re5 32. f4 gxf4
33. gxf4 Re4 34. Kg2 Ra8 35. Rd7 Nxd5 36. Rxd6 Ra2+ 37. Kg3 Re3+ 38. Kg4 Rg2+
39. Kh4 Nxf4 0-1

[Event "FRA-chT2 0910"]
[Site "France"]
[Date "2009.12.13"]
[Round "6.7"]
[White "Mohammad, Fahim"]
[Black "Miraoui, Karim"]
[Result "1/2-1/2"]
[WhiteElo "1828"]
[BlackElo "2101"]
[PlyCount "139"]
[EventDate "2009.09.27"]
[EventType "team"]
[EventRounds "11"]
[EventCountry "FRA"]
[SourceDate "2009.07.26"]

1. d4 f5 2. c4 d6 3. Nf3 Nf6 4. Nc3 g6 5. g3 Bg7 6. Bg2 O-O 7. O-O Qe8 8. Re1
Qf7 9. Qb3 h6 10. d5 Na6 11. Be3 Ng4 12. Bd4 Bxd4 13. Nxd4 Nc5 14. Qc2 Qf6 15.
Qd2 Kh7 16. f4 h5 17. h3 Nh6 18. b4 Na6 19. a3 h4 20. gxh4 Qxh4 21. Nf3 Qf6 22.
Ng5+ Kg8 23. Kf2 Nf7 24. Rh1 Nxg5 25. fxg5 Qe5 26. h4 f4 27. Bf3 Bf5 28. h5 Rf7
29. Rag1 Rh7 30. hxg6 Rxh1 31. Rxh1 Bxg6 32. Rg1 Kg7 33. Rg4 Rf8 34. Nb5 Bh5
35. Rh4 Bxf3 36. exf3 c6 37. Nc3 Nc7 38. dxc6 bxc6 39. Ne4 Ne6 40. Qd3 Rh8 41.
Rxh8 Kxh8 42. g6 Kg7 43. Nd2 Qd4+ 44. Qxd4+ Nxd4 45. a4 a6 46. Nb1 Kxg6 47. Nc3
Kf5 48. Ne2 Ke5 49. Nc3 Ne6 50. b5 cxb5 51. cxb5 axb5 52. axb5 Nc5 53. b6 Nb7
54. Ne2 d5 55. Ke1 Kf5 56. Kd2 e5 57. Kd3 Ke6 58. Nc3 Kd6 59. Nb5+ Kc6 60. Nc7
Nc5+ 61. Kc3 e4 62. fxe4 dxe4 63. Kd2 f3 64. Ke3 Nd7 65. Ne6 Nxb6 66. Nd4+ Kd5
67. Nxf3 Nc4+ 68. Ke2 Nd6 69. Nd2 Nf5 70. Nxe4 1/2-1/2

[Event "FRA-chT2 0910"]
[Site "France"]
[Date "2009.12.13"]
[Round "6.8"]
[White "Chabradze, Elise"]
[Black "Anamba Onana, Marie Therese"]
[Result "1-0"]
[WhiteElo "1770"]
[BlackElo "1680"]
[PlyCount "95"]
[EventDate "2009.09.27"]
[EventType "team"]
[EventRounds "11"]
[EventCountry "FRA"]
[SourceDate "2009.07.26"]

1. e4 e5 2. Nf3 Nc6 3. d4 exd4 4. Nxd4 Nf6 5. Nxc6 bxc6 6. e5 Nd5 7. c4 Nb6 8.
Nc3 d6 9. Qe2 Be6 10. b3 d5 11. cxd5 cxd5 12. Bf4 c6 13. O-O-O Bb4 14. Qc2 Qd7
15. Bd3 h6 16. Kb1 Rb8 17. Ne2 Ba5 18. Bd2 Bxd2 19. Rxd2 Qc7 20. Nd4 Nc4 21.
Bxc4 dxc4 22. Nxe6 fxe6 23. Qxc4 Kf7 24. Qf4+ Ke7 25. Rhd1 Rhd8 26. Qh4+ Ke8
27. Qh5+ Ke7 28. Kc2 a6 29. Qh4+ Ke8 30. Rxd8+ Rxd8 31. Rxd8+ Qxd8 32. Qxd8+
Kxd8 33. Kc3 Kc7 34. Kc4 Kb6 35. a3 a5 36. f4 g6 37. g3 c5 38. h4 h5 39. Kd3
Kc6 40. Kc3 Kd5 41. b4 axb4+ 42. axb4 cxb4+ 43. Kxb4 Kc6 44. Kc4 Kd7 45. Kb5
Kc7 46. Kc5 Kd7 47. Kb6 Ke8 48. Kc6 1-0

[Event "FRA-chT2 0910"]
[Site "France"]
[Date "2009.12.13"]
[Round "6.1"]
[White "Deslandes, Pascal"]
[Black "Monroy, Charles"]
[Result "1/2-1/2"]
[WhiteElo "2314"]
[BlackElo "2433"]
[PlyCount "62"]
[EventDate "2009.09.27"]
[EventType "team"]
[EventRounds "11"]
[EventCountry "FRA"]
[SourceDate "2009.07.26"]

1. e4 d6 2. d4 Nf6 3. Nc3 e5 4. Nf3 Nbd7 5. Bc4 Be7 6. O-O O-O 7. a4 c6 8. Re1
b6 9. Bg5 a6 10. dxe5 Nxe5 11. Be2 Qc7 12. Nd4 Re8 13. Qd2 Rb8 14. Rad1 b5 15.
axb5 axb5 16. b4 h6 17. Bf4 Bf8 18. Bg3 Be6 19. Nxe6 Rxe6 20. f4 Nc4 21. Bxc4
bxc4 22. f5 Ree8 23. Bxd6 Qb6+ 24. Bc5 Bxc5+ 25. bxc5 Qxc5+ 26. Qd4 Qb4 27. e5
Rbd8 28. Qxd8 Rxd8 29. Rxd8+ Kh7 30. Rdd1 Qxc3 31. exf6 Qxf6 1/2-1/2